La Democràcia local cap al segle XXI
Publicado:
Barcelona :
Departament d'Associacionisme i Participació Ciutadana. Patronat Flor de Maig ,
1997
Descripción Física:
2 volums ; 30 cm
Idioma:
Catalán
MARC
| LEADER | 00000nam a2200000 a 4500 | ||
|---|---|---|---|
| 001 | 26496 | ||
| 008 | 220818s1997 spa||||| |||| 00| 0 cat d | ||
| 080 | |a Bib-909 | ||
| 111 | |9 54225 |a Simposi La Democràcia Local cap al segle XXI |d (1997 : |c Cerdanyola del Vallès, Catalunya) | ||
| 245 | 1 | 3 | |a La Democràcia local cap al segle XXI |
| 260 | |a Barcelona : |b Departament d'Associacionisme i Participació Ciutadana. Patronat Flor de Maig, |c 1997 | ||
| 300 | |a 2 volums ; |c 30 cm | ||
| 500 | |a Actes del Simposi La Democràcia Local cap al segle XXI, organitzat pel Departament d'Associacionisme i Participació Ciutadana del Patronat Flor de Maig el 20, 21 i 22 de novembre de 1997 a Cerdanyola del Vallès. | ||
| 650 | 0 | |9 54223 |a Associacionisme |v Congressos | |
| 650 | 0 | |9 28584 |a Participació social |x Congressos | |
| 710 | 1 | |9 54224 |a Patronat Flor de Maig. |b Departament d'Associacionisme i Participació Ciutadana | |
| 942 | |2 udc |c ARXIU |n 1 | ||
| 952 | |0 0 |1 0 |4 0 |7 1 |9 63487 |a Arxiu |b Arxiu |d 2022-08-18 |h Conferència final |o Bib-909 |p 26496 |r 2022-08-18 00:00:00 |w 2022-08-18 |y ARXIU | ||
| 952 | |0 0 |1 0 |2 udc |4 0 |6 BIB910 |7 1 |9 63489 |a Arxiu |b Arxiu |d 2022-08-18 |h Conferència inaugural |o Bib-910 |p 26498 |r 2022-08-18 00:00:00 |w 2022-08-18 |y ARXIU | ||
| 999 | |c 82604 |d 82604 | ||